Tabloids, Tories and Telephone Hacking (Record no. 333547)
[ view plain ]
| 000 -LEADER | |
|---|---|
| fixed length control field | 00555nam a2200097Ia 4500 |
| 008 - FIXED-LENGTH DATA ELEMENTS--GENERAL INFORMATION | |
| fixed length control field | 170517s9999 xx 000 0 und d |
| 245 ## - TITLE STATEMENT | |
| Title | Tabloids, Tories and Telephone Hacking |
| 300 ## - PHYSICAL DESCRIPTION | |
| Extent | Dispatches examines allegations that during Andy Coulson's time as editor of News of the World, phone hacking was a routine practice at the paper and carried out with his knowledge. Political journalist Peter Oborne investigates the paper's working relationship... |
| 650 ## - SUBJECT ADDED ENTRY--TOPICAL TERM | |
| General subdivision | Media. |
| 856 ## - ELECTRONIC LOCATION AND ACCESS | |
| Uniform Resource Identifier | <a href="http://topdocumentaryfilms.com/tabloids-tories-and-telephone-hacking/">http://topdocumentaryfilms.com/tabloids-tories-and-telephone-hacking/</a> |
| Withdrawn status | Lost status | Damaged status | Home library | Current library | Date acquired | Total Checkouts | Date last seen | Price effective from | Koha item type |
|---|---|---|---|---|---|---|---|---|---|
| College Library | College Library | 05/17/2017 | 05/17/2017 | 05/17/2017 | Documentary Films |